Consumo de nutrientes, comportamento ingestivo e desempenho de ovinos alimentados com fenos de gramíneas tropicais em diferentes intervalos entre cortes (Registro n. 301164)
[ somente texto ]
| 000 -LÍDER | |
|---|---|
| fixed length control field | 03776nab a2200325 i 4500 |
| 003 - CÓDIGO MARC DA AGÊNCIA CATALOGADORA | |
| Campo de controle | BR-BrBNA |
| 005 - DATA E HORA DA ÚLTIMA ATUALIZAÇÃO | |
| Campo de controle | 20240910111101.0 |
| 008 - CAMPO DE TAMANHO FIXO | |
| fixed length control field | 240910b2018 bl.|r|pooa||| 00| 0 por | |
| 040 ## - FONTE DA CATALOGAÇÃO | |
| Agência catalogadora | BR-BrBNA |
| Idioma da catalogação | por |
| 072 ## - CATEGORIA AGRIS | |
| Código AGRIS | L51 |
| Código do objeto | 5240 |
| 072 ## - CATEGORIA AGRIS | |
| Código AGRIS | L02 |
| 100 ## - ENTRADA PRINCIPAL - NOME PESSOAL | |
| Nome pessoal | Pereira, G.F. |
| 100 ## - ENTRADA PRINCIPAL - NOME PESSOAL | |
| Nome pessoal | Lima, P.O. |
| 100 ## - ENTRADA PRINCIPAL - NOME PESSOAL | |
| Nome pessoal | Assis, L.C.S.L.C. |
| 100 ## - ENTRADA PRINCIPAL - NOME PESSOAL | |
| Nome pessoal | Emerenciano Neto, J.V. |
| 245 ## - TÍTULO PRINCIPAL | |
| Título principal | Consumo de nutrientes, comportamento ingestivo e desempenho de ovinos alimentados com fenos de gramíneas tropicais em diferentes intervalos entre cortes |
| 500 ## - NOTA GERAL | |
| Nota geral | Publicação online; 22 ref.; 4 tables; Summaries (En, Pt)<br/> |
| 942 ## - ADDED ENTRY ELEMENTS (KOHA) | |
| Koha item type | |
| 520 ## - NOTA DE RESUMO | |
| Nota de conteúdo | <br/><br/>RESUMO - Objetivou-se avaliar o efeito dos fenos de andropogon, buffel e massai em diferentes intervalos de cortes sob consumo, comportamento ingestivo e o desempenho de ovinos. O delineamento experimental foi inteiramente ao acaso. Os tratamentos foram arranjados em fatorial 3x4 (andropogon, buffel e massai x intervalos entre corte de 21, 35, 49 e 63 dias). A interação entre as gramíneas e os intervalos não foi significativa para nenhuma das variáveis estudadas. Os maiores consumos de matéria seca, proteína bruta, fibra em detergente neutro e lignina ocorreram com uso do feno de massai, 3,62; 0,48; 2,03 e 0,22% do peso vivo, respectivamente. Aos 63 dias de intervalo, foram observados os maiores consumos de lignina e os menores de proteína bruta, 0,20 e 0,42%, respectivamente. O menor ganho médio diário (121,1g/dia) e o menor peso final (17,6kg) foram dos animais alimentados com buffel. Não houve diferença para o tempo de alimentação e o ócio, com tempo médio despendido de 4,5 e 11,7h/dia, respectivamente. Os fenos de massai e andropogon promovem maior consumo de matéria seca e maior desempenho de ovinos em confinamento, enquanto o intervalo entre corte até 63 dias não modifica essas respostas.<br/><br/><br/>Palavras-chave: alimentação animal, cordeiro, forragem, ruminação, semiárido |
| 520 ## - NOTA DE RESUMO | |
| Nota de conteúdo | <br/><br/>ABSTRACT - The objective of this study was to evaluate the effect of Andropogon, Buffel and Massai on different intervals cuts of intake, ingestion behavior and sheep performance. The experimental design was completely randomized. The treatments were arranged in 3x4 factorial (Andropogon, Buffel and Massai x cut intervals of 21, 35, 49 and 63 days). The interaction between the grasses and the intervals was not significant for any of the studied variables. The highest intakes of dry matter, crude protein, neutral detergent fiber, acid detergent fiber and lignin were for Massai hay, 3.62; 0.48; 2.03 and 0.22% of the live weight, respectively. At 63 days interval, the highest consumption of lignin and lowest crude protein, 0.20 and 0.42%, respectively, were observed. The lowest daily gain (121.1g/day) and final weight gain (17,6kg) were of Buffel fed animals. There was no difference in feeding time and time, with mean time removed from 4.5 and 11.7h day-1 , respectively. Hays of Massai and Andropogon promote greater dry matter intake and performance of sheep in confinement, while the cut intervals up to 63 days does not modify these responses.<br/><br/><br/>Keywords: animal feed, lamb, forage, rumination, semiarid |
| 650 ## - ASSUNTO - THESAGRO | |
| Cabeçalho tópico ou nome geográfico | OVINO |
| 650 ## - ASSUNTO - THESAGRO | |
| Cabeçalho tópico ou nome geográfico | CONFINAMENTO |
| 650 ## - ASSUNTO - THESAGRO | |
| Cabeçalho tópico ou nome geográfico | NUTRIÇÃO ANIMAL |
| 650 ## - ASSUNTO - THESAGRO | |
| Cabeçalho tópico ou nome geográfico | FORRAGEM |
| 650 ## - ASSUNTO - THESAGRO | |
| Cabeçalho tópico ou nome geográfico | RUMINAÇÃO |
| 650 ## - ASSUNTO - THESAGRO | |
| Cabeçalho tópico ou nome geográfico | SEMIÁRIDO |
| 773 0# - ENTRADA ANALÍTICA | |
| Host Biblionumber | 1643 |
| Registro do item | 317735 |
| Imprenta | Belo Horizonte-MG Universidade Federal de Minas Gerais - Escola de Veterinaria 1983 |
| Outro identificador | 2024-4450 |
| Título | Arquivo Brasileiro de Medicina Veterinária e Zootecnia (Brazil) |
| ISSN | 0102-0935 |
| Colação | v. 70(3) p. 897-904; (2018) |
| Número de controle de registro | BR2024002495 |
| 856 ## - ACESSO E ENDEREÇO ELETRÔNICO | |
| Identificador uniforme de recurso - URI | https://www.scielo.br/j/abmvz/a/VJCfk63gKSCMVxm4kmkScsh/?format=pdf&lang=pt |
Nenhum exemplar disponível.

BINAGRI